00358nam a2200145Ia 4500008004100000041000800041082000800049100001700057245002800074250000800102260006700110300000800177365000800185999001900193231011s9999 xx 000 0 und d aeng a609 aBerkun Scott aThe Myths of Innovation a1st bShroff Publishers & Distributers Navi Mumbai Navi Mumbaic2012 a225 b360 c910573d910573